Statistics for Source and Mouth of Rivers

Click here to take the quiz!

General Stats

  • This quiz has been taken 18 times
  • The average score is 19 of 27

Answer Stats

SourceRiverMouth% Correct
Gangotri Glacier, IndiaGangesBay of Bengal
88%
Nyungwe Forest, RwandaNileMediterranean Sea
88%
Lake Tana, EthiopiaBlue NileNile River
81%
St Martin's Chapel, GermanyDanubeBlack Sea
81%
Kailas Range, TibetIndusArabian Sea
81%
Brower's Spring, MontanaMississippiGulf of Mexico
81%
Lake Toma, SwitzerlandRhineNorth Sea
81%
Mt Ararat, TurkeyShatt al-ArabPersian Gulf
81%
Tanggula Mountains, QinghaiYangtzeEast China Sea
81%
Lake Junin, PeruAmazon
Marajó Bay
75%
Tembakounda, GuineaNigerGulf of Guinea
75%
Lake Hazar, TurkeyTigrisShatt al-Arab River
75%
Valdai Hills, RussiaVolgaCaspian Sea
75%
Angsi Glacier, TibetBrahmaputraGanges River
69%
La Poudre Pass, ____ColoradoGulf of California
69%
Mount Superbus, QueenslandMurraySouthern Ocean
69%
Bayan Har Mountains, QinghaiYellowBohai Sea
69%
____ Source National Forest, ZambiaZambeziIndian Ocean
69%
North-eastern ZambiaCongoAtlantic Ocean
63%
Černá hora, CzechiaElbeNorth Sea
63%
Mantiqueira Mountains, BrazilRio de la PlataAtlantic Ocean
63%
Valdai Hills, RussiaDnieperBlack Sea
56%
Lasaigongma Spring, QinghaiMekongSouth China Sea
50%
Yungui Plateau, YunnanPearlSouth China Sea
50%
Greenwood, MinnesotaSt LawrenceGulf of ____
50%
Thutade Lake, British ColumbiaMackenzieBeaufort Sea
44%
Khangai Mountains, MongoliaYeniseyKara Sea
44%

Score Distribution

Percentile by Number Answered

Percent of People with Each Score

Your Score History

You have not taken this quiz